<?xml version="1.0" encoding="UTF-8"?>
<record
    xmlns:xsi="http://www.w3.org/2001/XMLSchema-instance"
    xsi:schemaLocation="http://www.loc.gov/MARC21/slim http://www.loc.gov/standards/marcxml/schema/MARC21slim.xsd"
    xmlns="http://www.loc.gov/MARC21/slim">

  <leader>01093nam a22002177a 4500</leader>
  <datafield tag="999" ind1=" " ind2=" ">
    <subfield code="c">10777</subfield>
    <subfield code="d">10777</subfield>
  </datafield>
  <controlfield tag="003">FranzMayer</controlfield>
  <controlfield tag="005">20190827165444.0</controlfield>
  <controlfield tag="008">190823b           ||||| |||| 00| 0 eng d</controlfield>
  <datafield tag="040" ind1=" " ind2=" ">
    <subfield code="c">Franz</subfield>
  </datafield>
  <datafield tag="050" ind1=" " ind2=" ">
    <subfield code="a">F1230</subfield>
    <subfield code="b">.S65 1732 </subfield>
  </datafield>
  <datafield tag="100" ind1=" " ind2=" ">
    <subfield code="a">Sol&#xED;s y Rivadeneyra, Antonio de</subfield>
    <subfield code="9">21538</subfield>
    <subfield code="d">1610-1686</subfield>
  </datafield>
  <datafield tag="245" ind1=" " ind2=" ">
    <subfield code="a">Historia de la conquista de M&#xE9;xico, poblaci&#xF3;n y progresos de la Am&#xE9;rica septentrional, conocida por el nombre de Nueva Espa&#xF1;a.</subfield>
    <subfield code="c">escriviala D. Antonio de Solis; dedicada al muy ilustre se&#xF1;or Don Andres Gonzalez de Barcia.</subfield>
  </datafield>
  <datafield tag="260" ind1=" " ind2=" ">
    <subfield code="a">Madrid</subfield>
    <subfield code="b">Imprenta de Bernardo Peralta</subfield>
    <subfield code="c">1732</subfield>
  </datafield>
  <datafield tag="300" ind1=" " ind2=" ">
    <subfield code="a">[22], 349 p., [15]</subfield>
    <subfield code="c">29 x 20.5 cm.</subfield>
  </datafield>
  <datafield tag="500" ind1=" " ind2=" ">
    <subfield code="a">Incluye &#xED;ndice de los cap&#xED;tulos que contienen los cinco libros de esta historia e &#xED;ndice de las cosas notables, que se contienen en este libro</subfield>
  </datafield>
  <datafield tag="500" ind1=" " ind2=" ">
    <subfield code="a">Estado f&#xED;sico: en mal estado, se encuentra en el &#xC1;rea de Restauraci&#xF3;n. Encuadernaci&#xF3;n en pergamino</subfield>
  </datafield>
  <datafield tag="650" ind1=" " ind2=" ">
    <subfield code="a">Conquista de M&#xE9;xico</subfield>
    <subfield code="9">28338</subfield>
  </datafield>
  <datafield tag="651" ind1=" " ind2=" ">
    <subfield code="a">M&#xE9;xico</subfield>
    <subfield code="x">Historia</subfield>
    <subfield code="x">Conquista, 1519-1540</subfield>
    <subfield code="9">614</subfield>
  </datafield>
  <datafield tag="700" ind1=" " ind2=" ">
    <subfield code="a">Gonzalez de Barcia, Andres</subfield>
    <subfield code="9">28339</subfield>
  </datafield>
  <datafield tag="942" ind1=" " ind2=" ">
    <subfield code="2">lcc</subfield>
    <subfield code="c">B</subfield>
  </datafield>
  <datafield tag="952" ind1=" " ind2=" ">
    <subfield code="0">0</subfield>
    <subfield code="1">0</subfield>
    <subfield code="2">lcc</subfield>
    <subfield code="4">0</subfield>
    <subfield code="7">0</subfield>
    <subfield code="8">CFM</subfield>
    <subfield code="a">BRCA</subfield>
    <subfield code="b">BRCA</subfield>
    <subfield code="d">2019-08-27</subfield>
    <subfield code="i">LM-34</subfield>
    <subfield code="l">0</subfield>
    <subfield code="o">F1230 .S65 1732</subfield>
    <subfield code="p">CFM00490</subfield>
    <subfield code="r">2019-08-27 00:00:00</subfield>
    <subfield code="w">2019-08-27</subfield>
    <subfield code="y">B</subfield>
  </datafield>
</record>
